| 000 | 00920nam0a22002651 4500 | ||
|---|---|---|---|
| 001 | rc\916055 | ||
| 005 | 20041129094921.9 | ||
| 035 | _a(NLR Aleph) 006090382 | ||
| 090 |
_a5154711 _c5154711 |
||
| 100 | _a20041129d1982 u |0rusy50 ca | ||
| 101 | 0 | _arus | |
| 102 | _aRU | ||
| 105 | _ay ||||||||| | ||
| 200 | 1 |
_aЭмилия Пардо Басан и русская литература в Испании _fВ.Е. Багно |
|
| 210 |
_aЛ. _cНаука. Ленингр. отд-ние _d1982 |
||
| 215 |
_a152 с. _d21 |
||
| 300 | _aВ надзаг.: АН СССР, Ин-т рус. лит. (Пушкин. дом) | ||
| 320 | _aУказ. имен: с. 147-151 | ||
| 600 | 1 |
_aПардо Басан _bЭ. _gЭмилия _2psbo |
|
| 700 | 1 |
_aБагно _bВ. Е. _f1951- _gВсеволод Евгеньевич |
|
| 801 | 0 |
_aRU _bNLR _gpsbo |
|
| 801 | 1 |
_aRU _bELAR _2rusmarc |
|
| 852 |
_aNLR _j83-5/598 |
||
| 942 | _cBOOK | ||
| 980 | _aNB | ||